000 00370 a2200109 4500
001 ART_45654
005 20260410161808.0
008 260409a
245 1 0 _aOponibilidad del boleto de compraventa de inmuebles en el concurso o quiebra
100 1 _aArduino, Augusto H.L.
773 0 _tDoctrina Societaria y Concursal
_g- NÂș 363 (feb. 2018)
_wREV4298
999 _c21217
_d21217